[Event "22nd OIBM 2018"]
[Site "Gmund am Tegernsee"]
[Date "2018.10.28"]
[Round "2"]
[White "Miller, Eduard"]
[Black "Ammon, Tobias"]
[Result "1/2-1/2"]
[WhiteElo "2383"]
[BlackElo "2165"]
[Annotator "NA"]
[PlyCount "50"]
[EventDate "2018.10.27"]
[EventType "swiss"]
[EventCountry "GER"]
[SourceTitle "playchess.com"]
[Source "ChessBase"]
[SourceQuality "1"]
[TimeControl "40/5400+30:1800+30"]

1. Nf3 {[%emt 0:00:00]} Nf6 {[%emt 0:00:00]} 2. g3 {[%emt 0:00:00]} g6 {[%emt 0:00:00]} 3. Bg2 {[%emt 0:00:00]} Bg7 {[%emt 0:00:00]} 4. O-O {[%emt 0:00:00]} O-O {[%emt 0:00:07]} 5. d4 {[%emt 0:00:00]} d5 {[%emt 0:00:09]} 6. c4 {[%emt 0:00:04]} c6 {[%emt 0:00:09]} 7. cxd5 {[%emt 0:00:08]} cxd5 {[%emt 0:00:13]} 8. Nc3 {[%emt 0:00:06]} Ne4 {[%emt 0:02:24]} 9. Nd2 {[%emt 0:00:07]} Nxc3 {[%emt 0:16:25]} 10. bxc3 {[%emt 0:05:47]} Nc6 {[%emt 0:00:12]} 11. e4 {[%emt 0:00:07]} e6 {[%emt 0:16:36]} 12. exd5 {[%emt 0:04:46]} exd5 {[%emt 0:00:05]} 13. Qb3 {[%emt 0:00:05]} Be6 {[%emt 0:00:14]} 14. Qxb7 {[%emt 0:00:24]} Qb6 {[%emt 0:05:25]} 15. Qxb6 {[%emt 0:07:26]} axb6 {[%emt 0:00:02]} 16. Re1 {[%emt 0:12:34]} Rfc8 {[%emt 0:04:12]} 17. Nb3 {[%emt 0:11:46]} Na5 {[%emt 0:01:40]} 18. Nxa5 {[%emt 0:00:39]} Rxa5 {[%emt 0:00:13]} 19. Bd2 {[%emt 0:11:46]} Rca8 {[%emt 0:06:56]} 20. Reb1 {[%emt 0:00:52]} Rxa2 {[%emt 0:01:36]} 21. Rxa2 {[%emt 0:00:28]} Rxa2 {[%emt 0:00:05]} 22. Be1 {[%emt 0:00:59]} Bf5 {[%emt 0:03:07]} 23. Rd1 {[%emt 0:02:12]} Be6 {[%emt 0:02:18]} 24. Rb1 {[%emt 0:06:21]} Bf5 {[%emt 0:00:34]} 25. Rd1 {[%emt 0:00:45]} Be6 {[%emt 0:00:20]} 1/2-1/2

[Event "22nd OIBM 2018"]
[Site "Gmund am Tegernsee"]
[Date "2018.10.28"]
[Round "2"]
[White "Stark, Lars"]
[Black "Krueger, Rainer"]
[Result "1-0"]
[WhiteElo "2374"]
[BlackElo "2152"]
[Annotator "TA"]
[PlyCount "105"]
[EventDate "2018.10.27"]
[EventType "swiss"]
[EventCountry "GER"]
[SourceTitle "playchess.com"]
[Source "ChessBase"]
[SourceQuality "1"]

{[%evp 13,105,27,21,29,18,27,16,13,15,28,8,22,18,15,29,5,17,24,34,18,34,34,34,34,34,34,168,38,37,28,43,27,43,29,42,41,46,46,46,46,47,48,49,44,45,45,52,49,133,112,109,62,53,53,96,99,100,89,97,83,92,83,89,49,81,62,94,94,143,147,145,82,159,103,271,279,225,175,250,239,402,311,402,401,647,574,849,850,1024,950,919,862,760,741]} 1. c4 Nf6 2. g3 c6 3. Nf3 d5 4. Bg2 g6 5. Qa4 Nbd7 6. cxd5 {A11: English Opening: 1...c6} cxd5 7. Nc3 Bg7 {LiveBook: 20 Games} 8. Qb3 {The position is equal.} e6 $146 ({Predecessor:} 8... Qb6 9. Qxb6 Nxb6 10. d3 O-O 11. Be3 e6 12. a4 Bd7 13. a5 Nc8 {½-½ (31) Wang,Y (2706)-Zhou,W (2606) China 2017}) 9. O-O O-O 10. d3 b6 11. Bf4 Bb7 12. Rfc1 a6 13. Na4 b5 14. Nc5 $36 {[%mdl 2048] White fights for an advantage.} Nxc5 15. Rxc5 Nd7 16. Rc2 Rc8 17. Rxc8 Qxc8 18. Rc1 Qa8 19. Rc7 Nb6 {[#]} (19... Bc6 $14) 20. d4 (20. Ng5 $1 $18) 20... Rc8 $14 21. Qc2 Nd7 22. Qc3 Rxc7 23. Bxc7 Bc6 24. e3 Qb7 25. Bd6 {[%cal Bc7d6,Bd6b4,Bb4a5][%mdl 32]} Qb6 26. Bb4 Bf6 27. Ba5 Qb7 28. Ne1 Be7 29. Nd3 Bd6 30. Bb4 Qc7 (30... Bc7 $14) 31. Qa3 Bxb4 32. Qxb4 a5 33. Qe7 Qc8 34. Qd6 b4 35. Bf1 Bb5 36. Nc5 Nxc5 37. dxc5 Bc6 38. Bd3 Kg7 39. Kf1 h5 40. Ke2 Qd7 {[#] Threatening ...Qxd6.} 41. Qb8 $1 g5 42. Ke1 (42. b3 $142) 42... f5 ({Black should play} 42... f6) 43. Kd2 (43. h4 $142) 43... Kg6 $2 (43... g4 $16 {is a better defense.}) 44. Qg8+ $18 Kf6 45. f4 gxf4 (45... g4 $142 46. Qg5+ Kf7 47. Qxh5+ Kg7) 46. exf4 ({Less strong is} 46. gxf4 Qg7 $16) 46... Qg7 $2 (46... Bb5 47. Qg5+ Kf7) 47. Qxg7+ Kxg7 {[%mdl 4096] Endgame KB-KB} 48. Ke3 a4 (48... Ba4 $142 49. Kd4 Kf6) 49. a3 {White is clearly winning.} bxa3 50. bxa3 Kg6 51. Kd4 Kf6 52. Be2 Be8 53. Bd1 {Precision: White = 83%, Black = 36%.} 1-0

[Event "22nd OIBM 2018"]
[Site "Gmund am Tegernsee"]
[Date "2018.10.28"]
[Round "2"]
[White "Forchert, Martin"]
[Black "Juergens, Klaus"]
[Result "1-0"]
[WhiteElo "2363"]
[BlackElo "2149"]
[Annotator "NA"]
[PlyCount "67"]
[EventDate "2018.10.27"]
[EventType "swiss"]
[EventCountry "GER"]
[SourceTitle "playchess.com"]
[Source "ChessBase"]
[SourceQuality "1"]
[TimeControl "40/5400+30:1800+30"]

1. e4 {[%emt 0:00:00]} c5 {[%emt 0:00:00]} 2. Nf3 {[%emt 0:00:00]} Nc6 {[%emt 0:00:00]} 3. Bb5 {[%emt 0:00:00]} e6 {[%emt 0:00:10]} 4. Bxc6 {[%emt 0:00:00]} bxc6 {[%emt 0:00:09]} 5. b3 {[%emt 0:00:10]} Ne7 {[%emt 0:01:48]} 6. Bb2 {[%emt 0:02:49]} d6 {[%emt 0:03:44]} 7. e5 {[%emt 0:02:38]} Ng6 {[%emt 0:02:57]} 8. O-O {[%emt 0:05:17]} f6 {[%emt 0:17:54]} 9. exd6 {[%emt 0:08:37]} Bxd6 {[%emt 0:00:31]} 10. Nc3 {[%emt 0:04:57]} O-O {[%emt 0:03:33]} 11. d3 {[%emt 0:01:48]} e5 {[%emt 0:05:39]} 12. Nd2 {[%emt 0:03:02]} Nf4 {[%emt 0:15:16]} 13. Re1 {[%emt 0:04:18]} Bf5 {[%emt 0:10:40]} 14. Nde4 {[%emt 0:11:23]} Ne6 {[%emt 0:04:49]} 15. Nxd6 {[%emt 0:02:25]} Qxd6 {[%emt 0:00:08]} 16. Ne4 {[%emt 0:07:10]} Bxe4 {[%emt 0:04:14]} 17. Rxe4 {[%emt 0:00:07]} Nd4 {[%emt 0:01:06]} 18. Qd2 {[%emt 0:06:14]} f5 {[%emt 0:02:05]} 19. Ree1 {[%emt 0:00:06]} Rae8 {[%emt 0:01:15]} 20. Qc3 {[%emt 0:04:45]} Qd5 {[%emt 0:05:07]} 21. Rac1 {[%emt 0:12:41]} Rf6 {[%emt 0:04:47]} 22. Qc4 {[%emt 0:01:08]} Rg6 {[%emt 0:02:46]} 23. Kf1 {[%emt 0:03:24]} Ree6 {[%emt 0:02:15]} 24. Qxd5 {[%emt 0:00:48]} cxd5 {[%emt 0:00:21]} 25. c4 {[%emt 0:01:43]} Ra6 {[%emt 0:04:49]} 26. Rxe5 {[%emt 0:01:29]} dxc4 {[%emt 0:02:15]} 27. Rxc5 {[%emt 0:03:27]} Ne6 {[%emt 0:00:53]} 28. Rxf5 {[%emt 0:01:58]} Rxa2 {[%emt 0:00:50]} 29. Rxc4 {[%emt 0:00:46]} h6 {[%emt 0:00:17]} 30. Rc2 {[%emt 0:00:45]} Rg5 {[%emt 0:01:59]} 31. Rxg5 {[%emt 0:01:31]} hxg5 {[%emt 0:00:13]} 32. g3 {[%emt 0:02:23]} Kh7 {[%emt 0:00:18]} 33. Re2 {[%emt 0:00:11]} Nc5 {[%emt 0:00:42]} 34. Bd4 {[%emt 0:00:09]} 1-0

[Event "22nd OIBM 2018"]
[Site "Gmund am Tegernsee"]
[Date "2018.10.28"]
[Round "2"]
[White "Bernabeu Lopez, Carlos Javier"]
[Black "Hoppe, Thilo"]
[Result "1-0"]
[WhiteElo "2353"]
[BlackElo "2079"]
[Annotator "NA RC"]
[PlyCount "103"]
[EventDate "2018.10.27"]
[EventType "swiss"]
[EventCountry "GER"]
[SourceTitle "playchess.com"]
[Source "ChessBase"]
[SourceQuality "1"]
[TimeControl "40/5400+30:1800+30"]

1. d4 {[%emt 0:00:00]} Nf6 {[%emt 0:00:10]} 2. c4 {[%emt 0:00:00]} g6 {[%emt 0:00:35]} 3. g3 {[%emt 0:00:00]} Bg7 {[%emt 0:00:33]} 4. Bg2 {[%emt 0:00:00]} d6 {[%emt 0:00:40]} 5. Nf3 {[%emt 0:00:02]} O-O {[%emt 0:00:18]} 6. O-O {[%emt 0:00:05]} Nc6 {[%emt 0:00:27]} 7. d5 {[%emt 0:01:43]} Na5 {[%emt 0:03:15]} 8. Nbd2 {[%emt 0:04:36]} c5 {[%emt 0:03:16]} 9. dxc6 {[%emt 0:01:21]} Nxc6 {[%emt 0:00:48]} 10. Nb1 {[%emt 0:07:16]} Be6 {[%emt 0:09:04]} 11. Na3 {[%emt 0:00:58]} h6 {[%emt 0:02:09]} 12. Be3 {[%emt 0:05:19]} Ng4 {[%emt 0:02:54]} 13. Bd4 {[%emt 0:04:13]} Nxd4 {[%emt 0:02:31]} 14. Nxd4 {[%emt 0:03:28]} Bc8 {[%emt 0:04:16]} 15. e3 {[%emt 0:01:59]} Qb6 {[%emt 0:06:52]} 16. Rb1 {[%emt 0:01:20]} Ne5 {[%emt 0:05:32]} 17. Qd2 {[%emt 0:05:58]} Nc6 {[%emt 0:04:55]} 18. Nac2 {[%emt 0:00:41]} Nxd4 {[%emt 0:07:40]} 19. Nxd4 {[%emt 0:00:17]} a5 {[%emt 0:02:14]} 20. a4 {[%emt 0:03:25]} Qb4 {[%emt 0:13:20]} 21. Qxb4 {[%emt 0:00:20]} axb4 {[%emt 0:00:01]} 22. b3 {[%emt 0:00:10]} Ra7 {[%emt 0:03:31]} 23. Nb5 {[%emt 0:01:24]} Ra5 {[%emt 0:01:01]} 24. Nc7 {[%emt 0:09:03]} Bf5 {[%emt 0:04:23]} 25. Rbc1 {[%emt 0:00:57]} Bb2 {[%emt 0:01:49]} 26. Rcd1 {[%emt 0:00:39]} Ba3 {[%emt 0:04:33]} 27. Rd2 {[%emt 0:00:16]} Bd7 {[%emt 0:00:46]} 28. Nb5 {[%emt 0:07:28]} Bxb5 {[%emt 0:01:06]} 29. cxb5 {[%emt 0:00:22]} b6 {[%emt 0:00:27]} 30. Rc2 {[%emt 0:00:03]} Ra7 {[%emt 0:00:22]} 31. Rd1 {[%emt 0:00:23]} Rb8 {[%emt 0:00:34]} 32. Rdd2 {[%emt 0:00:35]} Kf8 {[%emt 0:00:37]} 33. Rc6 {[%emt 0:00:14]} Ke8 {[%emt 0:02:13]} 34. Rdc2 {[%emt 0:00:23]} Rd7 {[%emt 0:05:43]} 35. Rc8+ {[%emt 0:02:17]} Rd8 {[%emt 0:00:08]} 36. R8c7 {[%emt 0:04:50]} d5 {[%emt 0:04:29]} 37. Ra7 {[%emt 0:00:28]} Rd7 {[%emt 0:01:35]} 38. Rxd7 {[%emt 0:00:06]} Kxd7 {[%emt 0:00:01]} 39. Bxd5 {[%emt 0:00:10]} e6 {[%emt 0:00:51]} 40. Bc6+ {[%emt 0:00:26]} Ke7 {[%emt 0:00:26]} 41. Be4 {[%emt 0:30:39]} Kd7 {[%emt 0:30:53]} 42. Kf1 {[%emt 0:02:37]} f5 {[%emt 0:00:00]} 43. Bc6+ {[%emt 0:00:00]} Ke7 {[%emt 0:00:00]} 44. Ke2 {[%emt 0:00:00]} g5 {[%emt 0:00:00]} 45. h3 {[%emt 0:00:00]} Kd6 {[%emt 0:00:00]} 46. Rd2+ {[%emt 0:00:00]} Ke7 {[%emt 0:00:00]} 47. Kd1 {[%emt 0:00:00]} Rd8 {[%emt 0:00:00]} 48. Rxd8 {[%emt 0:00:00]} Kxd8 {[%emt 0:00:00]} 49. Kc2 {[%emt 0:00:00]} Kc7 {[%emt 0:00:00]} 50. f4 {[%emt 0:00:00]} gxf4 {[%emt 0:00:24]} 51. exf4 {[%emt 0:00:00]} Kd6 {[%emt 0:00:39]} 52. g4 {[%emt 0:00:00] Kd5} 1-0

[Event "22nd OIBM 2018"]
[Site "Gmund am Tegernsee"]
[Date "2018.10.28"]
[Round "2"]
[White "Weber, Ulrich"]
[Black "Lodes, Hermann"]
[Result "1-0"]
[WhiteElo "2347"]
[BlackElo "2064"]
[Annotator "NA"]
[PlyCount "87"]
[EventDate "2018.10.27"]
[EventType "swiss"]
[EventCountry "GER"]
[SourceTitle "playchess.com"]
[Source "ChessBase"]
[SourceQuality "1"]
[TimeControl "40/5400+30:1800+30"]

1. Nf3 {[%emt 0:00:00]} d5 {[%emt 0:00:00]} 2. g3 {[%emt 0:00:00]} Nf6 {[%emt 0:00:11]} 3. Bg2 {[%emt 0:00:00]} Bf5 {[%emt 0:00:52]} 4. d3 {[%emt 0:00:00]} e6 {[%emt 0:00:49]} 5. O-O {[%emt 0:00:00]} h6 {[%emt 0:00:32]} 6. c4 {[%emt 0:03:38]} c6 {[%emt 0:00:25]} 7. Qb3 {[%emt 0:05:43]} Qb6 {[%emt 0:01:52]} 8. Qxb6 {[%emt 0:09:50]} axb6 {[%emt 0:00:37]} 9. cxd5 {[%emt 0:01:19]} exd5 {[%emt 0:01:01]} 10. Nd4 {[%emt 0:01:54]} Bg6 {[%emt 0:01:26]} 11. Nc3 {[%emt 0:02:52]} b5 {[%emt 0:11:57]} 12. Bf4 {[%emt 0:17:58]} Nbd7 {[%emt 0:04:55]} 13. a3 {[%emt 0:12:47]} Be7 {[%emt 0:00:38]} 14. Bh3 {[%emt 0:18:49]} O-O {[%emt 0:02:47]} 15. Nf5 {[%emt 0:00:17]} Bxf5 {[%emt 0:01:11]} 16. Bxf5 {[%emt 0:00:02]} b4 {[%emt 0:03:11]} 17. axb4 {[%emt 0:01:17]} Bxb4 {[%emt 0:00:14]} 18. Be3 {[%emt 0:04:14]} Rfe8 {[%emt 0:06:42]} 19. Rfc1 {[%emt 0:01:57]} Bd6 {[%emt 0:10:09]} 20. Bh3 {[%emt 0:01:14]} Be5 {[%emt 0:02:37]} 21. d4 {[%emt 0:01:54]} Bd6 {[%emt 0:00:22]} 22. Bd2 {[%emt 0:01:26]} Nb6 {[%emt 0:08:48]} 23. b3 {[%emt 0:00:11]} Kf8 {[%emt 0:05:57]} 24. e3 {[%emt 0:00:31]} Kg8 {[%emt 0:04:00]} 25. Nd1 {[%emt 0:00:34]} Nbd7 {[%emt 0:07:51]} 26. Be1 {[%emt 0:02:33]} g6 {[%emt 0:01:56]} 27. Kf1 {[%emt 0:01:11]} Kg7 {[%emt 0:02:00]} 28. Rcb1 {[%emt 0:01:01]} Nb6 {[%emt 0:06:43]} 29. Nb2 {[%emt 0:00:40]} Nfd7 {[%emt 0:04:35]} 30. Nd3 {[%emt 0:00:30]} f5 {[%emt 0:01:05]} 31. Bc3 {[%emt 0:02:06]} Rxa1 {[%emt 0:01:54]} 32. Rxa1 Ra8 {[%emt 0:00:08]} 33. Nc5 {[%emt 0:00:20]} Rxa1+ 34. Bxa1 {[%emt 0:00:02]} Kf7 {[%emt 0:02:46]} 35. Nxb7 {[%emt 0:00:22]} Bc7 {[%emt 0:01:44]} 36. Bc3 {[%emt 0:00:36]} Nc8 {[%emt 0:01:33]} 37. f3 {[%emt 0:00:55]} Nf6 {[%emt 0:02:08]} 38. Kf2 {[%emt 0:00:32]} Nd6 {[%emt 0:00:27]} 39. Nc5 {[%emt 0:06:34]} g5 {[%emt 0:01:23]} 40. Na6 {[%emt 0:01:22]} Nde4+ {[%emt 0:01:50]} 41. fxe4 Nxe4+ {[%emt 0:30:02]} 42. Ke1 {[%emt 0:30:34]} Bxg3+ {[%emt 0:00:06]} 43. hxg3 {[%emt 0:00:10]} Nxc3 {[%emt 0:00:09]} 44. Bxf5 1-0

[Event "22nd OIBM 2018"]
[Site "Gmund am Tegernsee"]
[Date "2018.10.28"]
[Round "2"]
[White "Singer, Christoph"]
[Black "Thiel, Fabian"]
[Result "0-1"]
[WhiteElo "2344"]
[BlackElo "2101"]
[Annotator "NA"]
[PlyCount "80"]
[EventDate "2018.10.27"]
[EventType "swiss"]
[EventCountry "GER"]
[SourceTitle "playchess.com"]
[Source "ChessBase"]
[SourceQuality "1"]
[TimeControl "40/5400+30:1800+30"]

1. e4 {[%emt 0:00:00]} g6 {[%emt 0:00:00]} 2. d4 {[%emt 0:00:42]} Bg7 {[%emt 0:00:00]} 3. Nc3 {[%emt 0:02:50]} d6 {[%emt 0:00:06]} 4. Be3 {[%emt 0:00:37]} a6 {[%emt 0:00:09]} 5. Qd2 {[%emt 0:01:25]} Nd7 {[%emt 0:00:24]} 6. f4 {[%emt 0:04:53]} b5 {[%emt 0:00:54]} 7. Be2 {[%emt 0:03:23]} Bb7 {[%emt 0:00:51]} 8. Bf3 {[%emt 0:00:18]} Nb6 {[%emt 0:05:30]} 9. b3 {[%emt 0:02:54]} Nf6 {[%emt 0:01:14]} 10. e5 {[%emt 0:03:46]} Nfd5 {[%emt 0:00:25]} 11. Nxd5 {[%emt 0:01:01]} Bxd5 {[%emt 0:00:19]} 12. Rd1 {[%emt 0:03:20]} O-O {[%emt 0:01:17]} 13. Bxd5 {[%emt 0:06:42]} Nxd5 {[%emt 0:01:16]} 14. Ne2 {[%emt 0:00:27]} f6 {[%emt 0:17:55]} 15. O-O {[%emt 0:03:40]} Qd7 {[%emt 0:01:08]} 16. exd6 {[%emt 0:01:10]} cxd6 {[%emt 0:01:54]} 17. f5 {[%emt 0:01:56]} gxf5 {[%emt 0:00:52]} 18. Ng3 {[%emt 0:00:20]} e6 {[%emt 0:00:53]} 19. c4 {[%emt 0:03:56]} bxc4 {[%emt 0:00:57]} 20. bxc4 {[%emt 0:00:57]} Nb6 {[%emt 0:01:07]} 21. Qb4 {[%emt 0:03:01]} Rfb8 {[%emt 0:05:17]} 22. Bf4 {[%emt 0:10:02]} Bf8 {[%emt 0:01:34]} 23. Qc3 {[%emt 0:00:18]} Rc8 {[%emt 0:01:31]} 24. Nh5 {[%emt 0:10:51]} Qf7 {[%emt 0:04:29]} 25. Qh3 {[%emt 0:00:32]} Rxc4 {[%emt 0:02:02]} 26. Qb3 {[%emt 0:16:36]} Qxh5 {[%emt 0:20:14]} 27. Qxb6 {[%emt 0:00:37]} Qe8 {[%emt 0:03:30]} 28. Qb3 {[%emt 0:02:38]} Rac8 {[%emt 0:04:03]} 29. Rd3 {[%emt 0:02:58]} Qf7 {[%emt 0:01:49]} 30. Rg3+ {[%emt 0:03:47]} Kh8 {[%emt 0:00:09]} 31. Be3 {[%emt 0:00:49]} d5 {[%emt 0:00:56]} 32. Qb6 {[%emt 0:01:13]} R4c6 {[%emt 0:00:22]} 33. Qb1 {[%emt 0:00:31]} Bd6 {[%emt 0:00:32]} 34. Rgf3 {[%emt 0:03:01]} Rc2 {[%emt 0:01:17]} 35. Qb6 {[%emt 0:01:22]} R8c6 {[%emt 0:04:41]} 36. Qb3 {[%emt 0:00:48]} Qc7 {[%emt 0:00:40]} 37. Bf4 {[%emt 0:02:05]} Bxf4 {[%emt 0:04:48]} 38. Rxf4 {[%emt 0:00:08]} Rb6 {[%emt 0:03:39]} 39. Qa3 {[%emt 0:02:20]} Qd6 {[%emt 0:01:00]} 40. Qa4 {[%emt 0:01:23]} Rbb2 {[%emt 0:01:08]} 0-1

[Event "22nd OIBM 2018"]
[Site "Gmund am Tegernsee"]
[Date "2018.10.28"]
[Round "2"]
[White "Koepke, Christian"]
[Black "Czap, Bernard"]
[Result "1-0"]
[WhiteElo "2331"]
[BlackElo "2055"]
[Annotator "TA"]
[PlyCount "81"]
[EventDate "2018.10.27"]
[EventType "swiss"]
[EventCountry "GER"]
[SourceTitle "playchess.com"]
[Source "ChessBase"]
[SourceQuality "1"]

{[%evp 18,81,22,-12,89,32,18,22,21,10,14,12,75,62,76,53,108,105,106,96,108,99,115,85,102,89,109,91,211,212,227,222,246,190,208,217,225,120,195,142,169,163,680,690,677,677,702,701,685,666,899,725,1424,759,721,732,691,536,642,557,807,849,1126,1008,1243,1233]} 1. d4 d5 2. Bf4 Nf6 3. e3 c5 4. c3 Nc6 5. Nd2 e6 6. Ngf3 cxd4 7. exd4 {D02: 1 d4 d5 2 Nf3 sidelines, including 2...Nf6 3 g3 and 2...Nf6 3 Bf4} Nh5 8. Be3 Bd6 9. Ne5 (9. Bd3 Nf4 10. Bxf4 Bxf4 11. g3 Bd6 12. O-O O-O 13. Re1 Bd7 14. h4 h6 {1-0 (44) Caruana,F (2822)-Aronian,L (2767) chess.com INT 2018}) 9... g6 10. Nd3 {LiveBook: 15 Games} (10. Ndf3 {seems wilder.} f6 11. Ng4 O-O 12. g3 Kh8 13. Nh6) 10... f5 (10... Ng7 $11) 11. g3 $146 (11. Bh6 $16) ({Predecessor:} 11. Bh6 Qc7 12. Be2 Nf6 13. g3 b6 14. Bf4 Ba6 15. Bxd6 Qxd6 {1-0 (48) Torre,E (2458)-Begmuratov,A (2403) Ashkhabad 2017}) 11... f4 $14 12. gxf4 O-O {[%cal Rh5f4]} 13. Qc2 Nxf4 14. O-O-O e5 (14... Qh4 $11) 15. Bxf4 $1 $16 exf4 16. Qb3 Be7 (16... Be6 $14) 17. Bg2 Rf5 18. Nf3 Na5 {[#]} 19. Qc2 $1 Rf8 20. Nfe5 Bf5 21. h4 Nc4 22. Qb3 Nxe5 (22... f3 $16 23. Bxf3 Rb8) 23. Nxe5 $18 Be6 24. Rde1 {Strongly threatening Nxg6!} ({Don't do} 24. Qxb7 $6 Rb8 $16) 24... Rf6 25. Re2 ({But not} 25. Qxb7 $6 Rb8) 25... Bf8 26. Rhe1 Rb8 27. Nf3 ({White should play} 27. Bf3 $18) 27... Bg4 {[#]} (27... Bf7 $16) 28. Re5 (28. Re8 $1 $18 {[%mdl 512]} Qxe8 29. Rxe8 Rxe8 30. Qxb7) 28... Rd6 29. Ng5 h6 $2 (29... f3 30. Bxf3 Bxf3) 30. Bxd5+ {White is clearly winning.} Kg7 31. Bg8 {Intending Qf7+ and mate.} Rd7 32. Be6 hxg5 33. Bxg4 Rc7 34. Rxg5 Be7 35. Rd5 Qf8 36. h5 f3 37. Be6 Qf4+ 38. Kb1 Qd2 39. Rg1 Qxf2 40. Rxg6+ Kh7 41. Qd1 {Precision: White = 51%, Black = 22%.} 1-0

[Event "22nd OIBM 2018"]
[Site "Gmund am Tegernsee"]
[Date "2018.10.28"]
[Round "2"]
[White "Welling, Gerard"]
[Black "Helmschrott, Otto"]
[Result "1-0"]
[WhiteElo "2297"]
[BlackElo "2031"]
[Annotator "TA"]
[PlyCount "101"]
[EventDate "2018.10.27"]
[EventType "swiss"]
[EventCountry "GER"]
[SourceTitle "playchess.com"]
[Source "ChessBase"]
[SourceQuality "1"]

{[%evp 14,101,21,0,26,-6,6,-60,0,-14,0,-12,-6,-39,0,-3,0,-11,25,-45,-49,-134,-143,-119,-131,-116,-64,-81,-90,-102,-76,-84,-77,-81,-58,-144,-91,-102,-15,-33,0,-15,0,0,12,0,0,0,0,0,0,0,25,20,20,14,13,10,56,62,57,54,59,35,6215,6215,6205,6172,6103,2622,29959,388,29967,29970,29968,29968,29961,29936,29977,29975,29978,29978,29979,29980,29980,29981,29981,29982,29982,29983]} 1. d4 d5 2. e3 Nf6 3. c4 c6 4. Nf3 Bf5 5. cxd5 cxd5 6. Nc3 Nc6 7. Ne5 a6 {D13: Slav Defence: Exchange variation without ...Bf5} 8. g4 {LiveBook: 8 Games} (8. Be2 h5 9. Qb3 Rb8 10. Nxc6 bxc6 11. Qa4 Qc7 12. Qxa6 e6 13. Qa4 Bd6 {1-0 (47) Riazantsev,A (2649)-Antipov,M (2593) Sochi 2018}) 8... Be6 9. g5 $146 ({Predecessor:} 9. Nxc6 bxc6 10. h3 Bd7 11. g5 Ng8 12. Bd3 e6 13. h4 Bd6 14. Bd2 Ne7 15. Na4 {1-0 (37) Brethes,F (2148)-Zaninetti,L (1991) France 2008}) 9... Nd7 {The position is equal.} 10. Nd3 (10. Nxc6 $11 bxc6 11. Bd3) 10... Nb6 11. Qf3 Bc8 12. Bg2 {[%cal Rc3d5]} e6 13. Qg3 (13. h4 {seems wilder.} Bd6 14. Qe2 h6 15. f4 Qc7 16. Bd2) 13... Nb4 14. Nxb4 $1 {Nd3 is the strong threat.} Bxb4 15. O-O O-O 16. f4 (16. e4 $11) 16... Bd7 $15 17. f5 (17. Bd2 $15) 17... exf5 $17 18. Nxd5 Nxd5 19. Bxd5 Qb6 (19... Bb5 $17 20. Rxf5 g6) 20. Qg2 Rac8 21. Rf2 Rc7 22. Bd2 Bxd2 23. Rxd2 Rfc8 24. Qg3 ({Better is} 24. Qf3 $15) 24... Bc6 (24... Qa5 $142 25. Qg2 f4 $1 {[%mdl 512]}) 25. Bb3 Be4 ({Black should play} 25... Re7 $17 {aiming for ...Re4.} 26. Rf1 Bd7) 26. d5 $1 $11 Rd8 27. d6 Rcd7 {[%cal Rd7d6]} 28. Rad1 Qc5 29. Qf4 b5 30. Bd5 Bxd5 31. Rxd5 Qc2 32. R5d2 Qe4 33. Qxe4 fxe4 {[%mdl 4096] Endgame KRR-KRR} 34. Kg2 f5 35. gxf6 gxf6 36. Kg3 Kf7 37. Kf4 Ke6 {[%cal Rd7d6]} 38. Kxe4 Rxd6 $2 {[%mdl 8192]} (38... Rc8 $14) 39. Rxd6+ $18 Rxd6 40. Rxd6+ Kxd6 $14 {KP-KP} 41. Kf5 Ke7 42. e4 $2 (42. b4 {mates} Kf7 43. e4 Ke7 44. e5 fxe5 45. Kxe5 h6 46. h3 h5 47. h4) 42... Kf7 $2 (42... b4 $18 43. e5 fxe5) 43. b4 {White mates.} Ke7 44. e5 fxe5 45. Kxe5 {K3P-K3P} h6 46. Kf5 Kf7 47. h3 {[%cal Bh2h3,Bh3h4,Bh4h5][%mdl 32]} Kg7 {[#]} 48. h4 $1 {[%cal Rh4h5]} Kf7 {[#]} 49. h5 $1 Kg7 50. Ke6 Kh7 51. Kf7 {Precision: White = 48%, Black = 28%.} 1-0

[Event "22nd OIBM 2018"]
[Site "Gmund am Tegernsee"]
[Date "2018.10.28"]
[Round "2"]
[White "Raupp, Thomas"]
[Black "Wuest, Klaus"]
[Result "*"]
[WhiteElo "2291"]
[BlackElo "2006"]
[Annotator "NA"]
[PlyCount "25"]
[EventDate "2018.10.27"]
[EventType "swiss"]
[EventCountry "GER"]
[SourceTitle "playchess.com"]
[Source "ChessBase"]
[SourceQuality "1"]
[TimeControl "40/5400+30:1800+30"]

1. d4 {[%emt 0:00:00]} Nf6 {[%emt 0:00:00]} 2. c4 {[%emt 0:00:00]} g6 {[%emt 0:00:00]} 3. Nc3 {[%emt 0:00:00]} d5 {[%emt 0:00:00]} 4. Nf3 {[%emt 0:00:02]} Bg7 {[%emt 0:00:07]} 5. Qb3 {[%emt 0:00:22]} dxc4 {[%emt 0:00:50]} 6. Qxc4 {[%emt 0:00:08]} O-O {[%emt 0:00:19]} 7. e4 {[%emt 0:00:44]} a6 {[%emt 0:00:43]} 8. e5 {[%emt 0:01:00]} Nfd7 {[%emt 0:00:43]} 9. e6 {[%emt 0:02:43]} fxe6 {[%emt 0:02:06]} 10. Be3 {[%emt 0:01:02]} Nf6 {[%emt 0:03:08]} 11. Be2 {[%emt 0:07:52]} b5 {[%emt 0:02:21]} 12. Qb3 {[%emt 0:00:09]} Nc6 {[%emt 0:14:42]} 13. Rd1 {[%emt 0:19:25]} *